000 00297nam a2200109Ia 4500
008 190914s9999||||xx |||||||||||||| ||und||
100 _aShashi Kapur
245 2 _aA Practical Handbook for Trainers designing to conduction training
260 _aIndia
_bDorling
_c2002
300 _a267
942 _cBK
999 _c9424
_d9424